000 01065 a2200205 4500
003 NUST
005 20221201132918.0
010 _a 78026824
020 _a0070217041
040 _cNust
082 0 0 _a537,FOW
100 1 _aFowler, Richard J.
_959731
245 1 0 _aElectricity :
_bprinciples and applications /
_cRichard J. Fowler.
260 _aNew York :
_bMcGraw-Hill, Gregg Division,
_cc1979.
300 _axiv, 322 p. :
_bill. ;
_c29 cm.
440 0 _aBasic skills in electricity and electronics
_994578
505 _aBasic Concepts (Page-1), Electrical Quantities and Units (Page-12), Basic Circuits, Laws, and Measurements (Page-33), Circuit Components (Page-53), Multiple-Load Circuits (Page-87), Magnetism and Electromagnetism (Page-110), Basic Measurement Instrument (Page-130), Alternating Current and Voltage (Page-146), Power in AC Circuits (Page-167), Inductance (Page-167), Transformers (Page-202), Capacitance (Page-227), R,C, and L Circuits (Page-256), AC Measurement (Page-285).
650 0 _aElectricity.
_939895
942 _2ddc
_cBK
_k537,FOW
999 _c180762
_d180762